| 000 | 00757nam a2200205 i 4500 | ||
|---|---|---|---|
| 001 | 42426 | ||
| 003 | ES-MaACL | ||
| 005 | 20250827062558.0 | ||
| 007 | t| | ||
| 008 | 030324s1843 sp ||||1| spa d | ||
| 080 | _a342.8(460)"1837"(094.5) | ||
| 110 | 1 |
_aEspaña _93622 |
|
| 240 | 0 | 0 | _aLey electoral, 1837 |
| 245 | 1 | 0 |
_aLey electoral para el régimen en la elección de diputados y senadores á córtes _b: aprobada por las mismas en 12 de julio de 1837 y sancionada por S.M. la reina gobernadora. |
| 260 |
_aMadrid : _b[s.n.], _c1843 ( _fImp. y libr. de M. Sauri) |
||
| 300 |
_a31 p. ; _c14 cm. |
||
| 650 | 4 |
_aDerecho electoral- _zEspaña _911705 |
|
| 852 |
_aES-MaACL _jD-517(4) _q. - Encuadernado con otras obras |
||
| 999 |
_c42426 _d42426 |
||